00679nam a2200229 a 4500001001300000003000900013005001700022008004100039020001000080082001300090100002500103245003000128260003800158300000900196500003500205650003600240700002500276902000800301942000700309952011600316999001700432nice12345678IN_TiNIC20260116015327.0080417s1988 cala grp 000 0 eng  ac10000a232bMAC aMacarthur Jr, John F aGospel According to Jesus aCalifornia bWord of Grace c1988 a253p aincludes index and biblioraphy aJesus Christ-Person and Offices1 aMacarthur Jr, John F bSRS cBK 001040708StackRoom-aHMIbHMId2008-04-17g100.00l0o232 MACp11001872r2008-04-17v100.00w2008-04-17yBK c19251d19251